| 000 | 01022nam a22002891a 4500 | ||
|---|---|---|---|
| 001 | 34725 | ||
| 003 | BD-RjUL | ||
| 005 | 20211209052212.0 | ||
| 008 | 140518s1964 maua b 001 0 eng | ||
| 035 | _a(BD-RjUL)34819 | ||
| 035 | _a(OCoLC)492491 | ||
| 040 |
_aDLC _cODaWU _dOCoLC _dMoSU-L _dDLC _dBD-RjUL _beng |
||
| 041 | _aeng | ||
| 082 | 0 | 0 |
_a392.3096 _bFAM 1964 |
| 245 | 0 | 4 |
_aThe family estate in Africa : _bstudies in the role of property in family structure and lineage continuity / _cedited by Robert F. Gray and P.H. Gulliver ; contributors: Robert F. Gray ... [et al.] |
| 260 |
_aBoston : _bBoston University Press, _c1964. |
||
| 300 |
_av, 265 p. : _bill. ; _c23 cm. |
||
| 504 | _aIncludes bibliographies and index. | ||
| 650 | 0 |
_aFamilies _zAfrica. _9105653 |
|
| 650 | 0 |
_aKinship. _9105654 |
|
| 700 | 1 |
_aGray, Robert F., _d1912- _9105655 |
|
| 700 | 1 |
_aGulliver, P. H. _9105656 |
|
| 942 |
_2ddc _cBK |
||
| 999 |
_c34725 _d34725 |
||